000
00186nam a2200085Ia 4500
008
250605s9999 xx 000 0 und d
041
_a
eng
100
_a
Aman Sharma
245
_a
Cummins India
999
_c
45819
_d
45819